KISS Songs - Sudden Death - Statistics

General Stats
  • This quiz has been taken 121 times
    86 since last reset
  • The average score is 11 of 30
Answers on the Grid
Answers color-coded by a green-red scale on the quiz's grid according to % correct below.
A Billion to One
All Hell's Breakin' Loose
Back in Black
Bang Bang Pow
Chrome Heart
Cold Cold Nights
Detroit Rock City
Deuce
Exciter
Firehouses
God of Thunder
Hate
Heaven's on Fire
Hell or Heaven
Hide Yourself
I Just Wanna
I Stole Your Love
I Was Made For Loving You
I've Had Enough (Into The Fire)
Into the Thunder
Is That You?
Jump
Keep Me Coming
King of The Daytime World
King Of The Hill
Lick It Up
Little Me
Lonely is the Chaser
Love Gun
Love Her All I Can
Love Pistol
Master & Slave
Mr. Speed
Music From "The Asyum"
Nothin' to Lose
Parasite
Plaster Caster
Psycho Circus
Rain
Rock and Roll All Nite
Rock Top
Roman Ceasar
Saint and Sinner
Shandi
Shock Me
The Oath
Tomorrow
Under The Number
Unholy
We Are Two
 
Answer Stats
Answer % Correct
Detroit Rock City
77%
Deuce
65%
Rock and Roll All Nite
65%
God of Thunder
61%
I Was Made For Loving You
61%
Lick It Up
61%
Heaven's on Fire
58%
Love Gun
58%
All Hell's Breakin' Loose
55%
I Stole Your Love
42%
Psycho Circus
42%
Shock Me
32%
Mr. Speed
29%
Nothin' to Lose
29%
Parasite
29%
Exciter
26%
Is That You?
26%
Plaster Caster
26%
Shandi
26%
Unholy
26%
Hate
23%
I Just Wanna
23%
The Oath
23%
I've Had Enough (Into The Fire)
19%
Keep Me Coming
19%
Master & Slave
19%
Rain
19%
Saint and Sinner
19%
Love Her All I Can
16%
Tomorrow
13%
No matching quizzes found
Score Distribution
Percent of People with Each Score
Percentile by Number Answered
Your Score History
You have not taken this quiz since the last reset